Представление документа в формате MARC21

Поле Инд. ПП Название Значение
Тип записи a
Библиографический уровень m
001 Контрольный номер RU/LIBMSTU/359196583
005 Дата корректировки 20140505131618.3
008 Кодируемые данные 110525|||||||||ru |||||||||||000|||rus||
020 c Цена, тираж 150-00
040 b Код языка каталог. rus
041 a Код языка текста rus
084 a Индекс другой классификации/Индекс ББК 26.3+26.34+33.1
090 a Полочн. индекс 26.3
x Авторский знак Г 64
100 1_ a Автор Гомберг Г.
245 10 a Заглавие Методология, технология и опыт автоматизированного пространственного прогнозирования оруденения по бинарным признакам
260 a Место издания Москва
b Издательство [б. и.]
c Дата издания 2010
300 a Объем 208, [1] с.
504 a Библиография Библиогр. в конце ст.
650 a Основная рубрика Рудные месторождения-Прогнозы-Применение компьютеров-Сборники
653 a Ключевые слова Автоматизация оруденения
a Ключевые слова Бинарные признаки
a Ключевые слова Геологическое прогнозирование
a Ключевые слова Исследования геологические
a Ключевые слова Картирование геологическое
a Ключевые слова Картирование территорий
a Ключевые слова Оруденения
a Ключевые слова Оруденения эндогенные
a Ключевые слова Природные ресурсы
a Ключевые слова Прогнозирование оруденения
a Ключевые слова Рудные месторождения
901 t Тип документа m